Statistics for Country Flags with the Southern Cross

Click here to take the quiz!

General Stats

  • This quiz has been taken 44,997 times
  • The average score is 4 of 5

Answer Stats

Answer% Correct
Australia
99%
New Zealand
99%
Papua New Guinea
80%
Samoa
68%
Brazil
25%

Score Distribution

Percentile by Number Answered

Percent of People with Each Score

Your Score History

You have not taken this quiz